000 00885nab a2200265 u 4500
001 21458
003 HDC
007 cr bn ---aaaaa
008 210308c20101102xx dr|noo 0 a eng d
040 _aHDC
100 _aKhokhar, Moniza
_eauthor
_918985
245 0 _aUSA: The American Muslim Consumer Conference / by
_cMoniza Khokhar
260 _a[No place] :
_b[publisher not identified],
_c2010
300 _a1 online resource
336 _atext
_2rdacontent
337 _acomputer
_2rdamedia
338 _aonline resource
_2rdacarrier
650 _afood products
_92068
650 _aMuslim American market
_95748
710 _aHalal Focus
856 _zRequest full-text at [email protected]
942 _2lcc
942 _cNEWS
942 _kNWSO 006571
999 _c18774
_d18774